Normal view
MARC view
Entry Personal Name
001 - CONTROL NUMBER
- control field: 83865
003 - CONTROL NUMBER IDENTIFIER
- control field: OSt
005 - DATE AND TIME OF LATEST TRANSACTION
- control field: 20260326142800.0
008 - FIXED-LENGTH DATA ELEMENTS
- fixed length control field: 260326|| aca||aabn | a|a d
040 ## - CATALOGING SOURCE
- Original cataloging agency: OSt
- Transcribing agency: OSt
100 ## - HEADING--PERSONAL NAME
- Personal name: गुप्त,मेजर (डॉ) परशुराम
670 ## - SOURCE DATA FOUND
- Source citation: Work cat.: (OSt)68865: गुप्त,मेजर (डॉ) परशुराम , भारतवर्ष के आक्रांताओं की कलंक कथाऍ , 2025









